| 000 | 00911cab a2200241 4500 | ||
|---|---|---|---|
| 001 | ABS44506 | ||
| 008 | 090401t1991 xxu||||| |||| 00| 0 eng d | ||
| 035 | _a(Sirsi) u47558 | ||
| 041 | _aeng | ||
| 100 | _aWinfield, P. | ||
| 245 | _aVantage West: the refurbishment of a 1960s office block | ||
| 260 | _c1991 | ||
| 350 | _a0 | ||
| 490 |
_aStructural Engineer _v69(9) 7 May 1991, 175-180(6) |
||
| 520 | _aGives a potted history of Flyover House, a 1960s office block in west London, as a preface to an account of its conversion into a modern commercial building renamed Vantage West. Unusual features of design and procedure are presented, with diagrams illustrating the text. | ||
| 650 | _a1960S BUILDINGS | ||
| 650 | _aOFFICES | ||
| 650 | _aBUILT ENVIRONMENT-BUILDING MAINTENANCE AND REFURBISHMENT | ||
| 690 |
_aRefurbishment _96264 |
||
| 700 | _aHarvey, S. | ||
| 942 | _n0 | ||
| 948 | _c04/03/1997 | ||
| 999 |
_c29987 _d29987 |
||